| 000 | 00803cab a22002055a 4500 | ||
|---|---|---|---|
| 001 | L146660 | ||
| 008 | 090212e20090207xxkbdo f s 000 0 eng d | ||
| 035 | _a(Sirsi) u146660 | ||
| 041 | 0 | _aeng | |
| 100 | 1 | _aMeadwell, Stacey | |
| 245 | 0 | 0 |
_aFocus _bLondon and West boroughs |
| 260 | _c2009 | ||
| 490 |
_aEstates Gazette _v(0905) 7 February 2009, 77-87(9) |
||
| 520 | _aRegular section provides an overview of the property market and development planning in London and the West boroughs. Contains sections on the potential development of a third runway at Heathrow airport and other strategic development projects in the area. | ||
| 590 | _aKA | ||
| 690 | _aPROPERTY-PROPERTY DEVELOPMENT-STRATEGIC PROPERTY DEVELOPMENT | ||
| 700 | 1 | _aCunningham, Daniel | |
| 700 | 1 | _aMorrison, Adrian | |
| 942 | _n0 | ||
| 999 |
_c81228 _d81228 |
||